• 首页
  • 本馆介绍
  • 公告通知
  • 最新文献
  • 馆藏检索
  • 电子资源
  • 读者导购
  • 参考咨询
  • 我的图书馆
  • 登录
  • 详细信息显示
  • 放入我的书架
  • 预约/预借图书
  • 作者相关作品
  • 分类相关作品
  • 丛书相关作品
  • 出版社相关作品

书目信息

  • 表格格式
  • 工作单格式
  • 卡片格式
题名:
服装缝纫技艺100法
    
 
作者: 李大鸿 编绘
分册:  
出版信息: 北京   金盾出版社  1989.06
页数: 122页
开本: 20cm
丛书名:
单 册:
中图分类: TS941.63
科图分类:
主题词: 服装工业
电子资源:
ISBN: 7-80022-220-9
000 00605nam0 2200205 450
001 0834109443
005 20080918093238.42
010    @a7-80022-220-9@dCNY4.80
100    @a20080918d1989 km y0chiy0120 ea
101 0  @achi
102    @aCN@b110000
200 1  @a服装缝纫技艺100法@Afu zhuang feng ren ji yi 100 fa@f李大鸿等编绘@Fli da hong deng bian hui
205    @a2版
210    @a北京@c金盾出版社@d1989.06
215    @a122页@d20cm
606 0  @a服装工业
690    @aTS941.63@v4
701  0 @a李大鸿@Ali da hong@4编绘
801  0 @aCN@b大连网信软件有限公司图书馆·11@c20080918
905    @aBZT@dTS941.63@e124
    
    服装缝纫技艺100法/李大鸿等编绘.-2版.-北京:金盾出版社,1989.06
    122页;20cm
    
    
    ISBN 7-80022-220-9:CNY4.80
    
●
相关链接 在五车中查询图书 在当当中查询图书 在豆瓣中查询图书


正题名:服装缝纫技艺100法     索取号:TS941.63/124         预约/预借

序号 登录号 条形码 馆藏地/架位号 状态 备注
1 000015   200934953   中心书库中库/ 中库024架B面4列5层1/ [索取号:TS941.63/124] 在馆    
2 000017   201276911   中心书库中库/ 中库024架B面4列5层20/ [索取号:TS941.63/124] 在馆    
3 000019   201276920   中心书库中库/ 中库024架B面4列5层19/ [索取号:TS941.63/124] 在馆    
4 000020   201276939   中心书库中库/ 中库024架B面5列7层9/ [索取号:TS941.63/124] 在馆    
5 006799   201276948   中心书库中库/ 中库024架B面4列5层18/ [索取号:TS941.63/124] 在馆    
山东省滨州职业学院图书馆 欢迎您!
大连网信软件有限公司© 版权所有